Regional disparities in working life quality as a factor of the health of the Slovak population

Starostlivosť o zdravie, životný štýl a vyspelosť krajiny. Faktory vplývajúce na zdravie jednotlivca, ktoré vytvárajú pozitívny alebo negatívny dopad a môžu mať za následok rôzne dlhotrvajúce zdravotné problémy.

Gespeichert in:
Bibliographische Detailangaben
1. Verfasser: Nováková, Michaela, 1977-
Weitere Verfasser: Chinoracká, Andrea
Format: Buchkapitel
Sprache:Englisch
Schlagworte:
Tags: Tag hinzufügen
Keine Tags, Fügen Sie das erste Tag hinzu!

MARC

LEADER 00000nla a2200000 4500
001 0193211
005 20240502083448.5
041 0 |a eng 
044 |a CZ 
245 1 0 |a Regional disparities in working life quality as a factor of the health of the Slovak population  |c Michaela Nováková, Andrea Chinoracká 
520 |a Starostlivosť o zdravie, životný štýl a vyspelosť krajiny. Faktory vplývajúce na zdravie jednotlivca, ktoré vytvárajú pozitívny alebo negatívny dopad a môžu mať za následok rôzne dlhotrvajúce zdravotné problémy. 
610 2 0 |a zdravotníctvo verejné 
610 2 0 |a starostlivosť o zdravie 
610 2 0 |a služby zdravotnícke 
610 2 0 |a starostlivosť zdravotná 
610 2 0 |a politika zdravotná 
100 1 |a Nováková, Michaela, 1977- 
700 1 |a Chinoracká, Andrea